Berühmte Martins - Statistiken

Allgemein
  • Dieses Quiz wurde 208 mal gespielt
  • Das Durchschnittsergebnis liegt bei 7 aus 20
Antwortstatistiken
Hinweis Martin % Korrekt
Initiator der Reformation Martin Luther
82%
Der Hundeprofi Martin Rütter
68%
Ex-Skispringer, Olympiasieger 2002 Martin Schmitt
62%
Hörgeräteunternehmer und Hannover 96-Investor Martin Kind
51%
Hessischer Komiker (Aschebeschär) Martin Schneider
51%
2017-18 SPD-Vorsitzender Martin Schulz
50%
Schauspieler ("Das Boot", "Die Straßen von Berlin") Martin Semmelrogge
45%
Satiriker und Vorsitzender der PARTEI Martin Sonneborn
36%
Ex-Fußballer (M'Gladbach, Schalke, 1860, Rostock) Martin Max
35%
Automobilmanager, bis 2015 Vorstandsvorsitzender von VW und Porsche Martin Winterkorn
35%
Golfprofi, PGA Championship- und US Open-Sieger Martin Kaymer
32%
Rocksänger, "Star Search"-Gewinner ("Angel of Berlin") Martin Kesici
23%
Schauspieler und Komiker, Dennis aus Hürth Martin Klempnow
23%
Schauspieler ("Tatort"-Kommissar Schnabel) Martin Brambach
14%
Philosoph ("Sein und Zeit") Martin Heidegger
14%
Schriftsteller ("Ein fliehendes Pferd", "Finks Krieg", "Ein springender Brunnen") Martin Walser
12%
Synchronsprecher für Vin Diesel und Nicholas Cage Martin Keßler
7%
Schauspieler ("Die Bergretter", "Nachtschwestern") Martin Gruber
6%
Leichtathlet und späterer Schlagersänger, Olympiasieger 1960 Martin Lauer
6%
Schlagersänger, Mitglied von "Fantasy" Martin Marcell (Martin Hein)
3%
Keine übereinstimmenden Quizze gefunden
Verteilung der Resultate
Anzahl Personen mit jedem Resultat
Perzentil nach korrekt beantworteten Fragen
Ihre Resultats-Entwicklung
Sie haben dieses Quiz noch nicht gespielt